000 00510nam a2200169 i 4500
001 49825
003 ES-MaACL
005 20230906162053.0
007 t|
008 030724s1971 sp ||||1| spa d
100 1 _aCowles, Laurence G.
_941383
245 1 0 _aCircuitos de transistores /
_cpor Laurence G. Cowles ; [versión, Ramón Barbat].
260 _aBarcelona :
_bGustavo Gili,
_c[1971]
300 _a408 p. :
_bil. ;
_c22 cm.
700 1 _aBarbat, Ramón.
_925390
852 _aES-MaACL
_jC-45618
_bR.77364
999 _c49825
_d49825